[Event "Hastings Masters op 92nd"]
[Site "Hastings"]
[Date "2017.01.05"]
[Round "9"]
[White "Healey, Michael W"]
[Black "Snape, Ian L"]
[Result "1-0"]
[WhiteElo "2173"]
[BlackElo "2222"]
[PlyCount "157"]
[EventDate "2016.12.28"]
[EventType "swiss"]
[EventRounds "9"]
[EventCountry "ENG"]
[SourceTitle "CBM 176 Extra"]
[Source "ChessBase"]
[SourceDate "2017.03.02"]
[SourceVersion "1"]
[SourceVersionDate "2017.03.02"]
[SourceQuality "1"]

1. e4 c5 2. Nf3 d6 3. d4 Nf6 4. dxc5 Nxe4 5. cxd6 Nc6 6. Na3 Nxd6 7. Bf4 Bg4 8. Be2 Qa5+ 9. Nd2 e5 10. Bxg4 exf4 11. 0-0 Be7 12. Ndc4 Qd8 13. Nxd6+ Bxd6 14. Re1+ Be7 15. Nc4 0-0 16. Bd7 Nb8 17. Ba4 Qc7 18. c3 Bf6 19. Nd6 Nc6 20. Ne4 Be5 21. Qh5 g6 22. Qh4 Kg7 23. g3 Ne7 24. Rad1 Nf5 25. Qh3 Rad8 26. Rxd8 Rxd8 27. Bb3 h6 28. Qf1 a6 29. Qe2 fxg3 30. Nxg3 Bxg3 31. hxg3 b5 32. Qf3 Rd2 33. Re8 Nd6 34. Qe3 Nxe8 35. Qxd2 Nd6 36. Qd4+ Kh7 37. a4 Qe7 38. axb5 axb5 39. Kg2 h5 40. Qf4 Kg7 41. Bc2 f5 42. Bd3 Kh7 43. Qd4 Qb7+ 44. Kg1 Qc6 45. Bf1 Ne4 46. Kh2 Ng5 47. Qa7+ Kh8 48. Qb8+ Kh7 49. Qxb5 Nf3+ 50. Kh1 Qa8 51. Qa6 Qe4 52. Bg2 h4 53. Qa7+ Kg8 54. Qb8+ Kh7 55. Qc7+ Kg8 56. Qd8+ Kf7 57. Qd1 hxg3 58. fxg3 Qe1+ 59. Qxe1 Nxe1 60. b4 Nd3 61. Bf1 Nf2+ 62. Kg2 Ne4 63. c4 Ke6 64. Bd3 Nf6 65. Kf3 Ke5 66. Ke3 Nh5 67. b5 Nxg3 68. b6 Kd6 69. c5+ Kc6 70. Kf4 Nh5+ 71. Ke5 Ng3 72. Bb5+ Kb7 73. Bc4 g5 74. Bd5+ Ka6 75. Be6 Kb7 76. Bxf5 Ne2 77. Be4+ Kb8 78. c6 Ng3 79. Bd3 1-0

[Event "Hastings Masters op 92nd"]
[Site "Hastings"]
[Date "2017.01.04"]
[Round "8"]
[White "Sikkel, Dirk"]
[Black "Healey, Michael W"]
[Result "0-1"]
[WhiteElo "1956"]
[BlackElo "2173"]
[PlyCount "64"]
[EventDate "2016.12.28"]
[EventType "swiss"]
[EventRounds "9"]
[EventCountry "ENG"]
[SourceTitle "CBM 176 Extra"]
[Source "ChessBase"]
[SourceDate "2017.03.02"]
[SourceVersion "1"]
[SourceVersionDate "2017.03.02"]
[SourceQuality "1"]

1. e4 e5 2. Nf3 Nc6 3. Bb5 a6 4. Bxc6 dxc6 5. 0-0 Ne7 6. d3 Ng6 7. Nbd2 Be6 8. Nc4 f6 9. Qe2 b5 10. Na5 Qd7 11. Be3 Bd6 12. Rfd1 0-0 13. Nb3 Qe7 14. c3 Rae8 15. Nfd2 Nh8 16. c4 Qf7 17. Nc5 Bc8 18. b4 g5 19. Ndb3 Qg6 20. a3 g4 21. Ra2 Qh5 22. Rf1 Ng6 23. g3 Re7 24. Na5 Rg7 25. Nxc6 Nf4 26. Qd2 Nh3+ 27. Kh1 f5 28. Bh6 f4 29. Bxg7 Kxg7 30. gxf4 Nxf4 31. Rg1 Rf6 32. Na7 Qxh2+ 0-1

[Event "Hastings Masters op 92nd"]
[Site "Hastings"]
[Date "2017.01.01"]
[Round "5"]
[White "Radovanovic, Jovica"]
[Black "Healey, Michael W"]
[Result "1-0"]
[WhiteElo "2351"]
[BlackElo "2173"]
[PlyCount "73"]
[EventDate "2016.12.28"]
[EventType "swiss"]
[EventRounds "9"]
[EventCountry "ENG"]
[SourceTitle "CBM 176 Extra"]
[Source "ChessBase"]
[SourceDate "2017.03.02"]
[SourceVersion "1"]
[SourceVersionDate "2017.03.02"]
[SourceQuality "1"]

1. d4 Nf6 2. Nf3 e6 3. c4 d5 4. g3 Be7 5. Bg2 0-0 6. Qc2 c5 7. dxc5 Qa5+ 8. Nbd2 Qxc5 9. 0-0 b5 10. b3 Bb7 11. Bb2 Rc8 12. Ne5 Nbd7 13. Nxd7 Nxd7 14. a4 b4 15. Rac1 Qd6 16. Rfd1 Qa6 17. Qd3 Bf6 18. Bxf6 Nxf6 19. e4 Rd8 20. exd5 exd5 21. Ne4 Nxe4 22. Bxe4 Re8 23. Bxd5 Bxd5 24. Qxd5 Qf6 25. Kg2 Rad8 26. Qf3 Qe5 27. Rxd8 Rxd8 28. Rd1 Rf8 29. Rd7 a6 30. Qd5 Qb8 31. c5 Qc8 32. c6 h5 33. h4 g6 34. c7 Kg7 35. Kh2 a5 36. Qd6 Re8 37. Qd4+ 1-0

[Event "Hastings Masters op 92nd"]
[Site "Hastings"]
[Date "2016.12.31"]
[Round "4"]
[White "Healey, Michael W"]
[Black "Miller, Dominic"]
[Result "1/2-1/2"]
[WhiteElo "2173"]
[BlackElo "1954"]
[PlyCount "116"]
[EventDate "2016.12.28"]
[EventType "swiss"]
[EventRounds "9"]
[EventCountry "ENG"]
[SourceTitle "CBM 176 Extra"]
[Source "ChessBase"]
[SourceDate "2017.03.02"]
[SourceVersion "1"]
[SourceVersionDate "2017.03.02"]
[SourceQuality "1"]

1. b4 d5 2. Bb2 Nf6 3. e3 g6 4. c4 c6 5. f4 Bg7 6. Nf3 0-0 7. Be2 Nbd7 8. cxd5 cxd5 9. 0-0 a5 10. b5 Nc5 11. Bd4 Ne6 12. Be5 Ne4 13. Qc1 Bxe5 14. Nxe5 d4 15. d3 Nd6 16. e4 Nxe4 17. f5 Ng7 18. fxg6 hxg6 19. Nxg6 fxg6 20. dxe4 Be6 21. Rxf8+ Qxf8 22. Bd3 Rc8 23. Qg5 Qf6 24. Qxf6 exf6 25. Nd2 Rc3 26. Bf1 d3 27. Kf2 f5 28. Ke3 fxe4 29. Nxe4 Nf5+ 30. Kd2 Rc2+ 31. Kxd3 Rxa2 32. Rxa2 Bxa2 33. g4 Ne7 34. Kd4 Kf8 35. Nc3 Be6 36. h3 Nc8 37. Bd3 Bf7 38. Ne4 Ke7 39. Kc5 Kd7 40. b6 Kd8 41. Bb5 Bb3 42. Nc3 Ke7 43. g5 Nd6 44. Bd3 Bf7 45. Nd5+ Kd7 46. Nf4 a4 47. Kb4 Nc8 48. Nxg6 Nxb6 49. Ne5+ Ke7 50. Nxf7 Kxf7 51. Bf5 Nd5+ 52. Kxa4 Ne7 53. Bg4 Kg6 54. h4 Nd5 55. Ka5 Nf4 56. Bf3 Ne6 57. Bxb7 Nxg5 58. hxg5 Kxg5 1/2-1/2

[Event "BCF-chT4S 1617 (4NCL)"]
[Site "England"]
[Date "2016.11.26"]
[Round "1.11"]
[White "Healey, Michael W"]
[Black "Bisereko Pafura, Godfrey"]
[Result "1-0"]
[WhiteElo "2164"]
[BlackElo "2028"]
[PlyCount "55"]
[EventDate "2016.11.26"]
[EventType "team-swiss"]
[EventRounds "11"]
[EventCountry "ENG"]
[SourceTitle "EXT 2019"]
[Source "ChessBase"]
[SourceDate "2018.10.10"]
[SourceVersion "1"]
[SourceVersionDate "2018.10.10"]
[SourceQuality "1"]
[WhiteTeam "Oxford II"]
[BlackTeam "Throw in the Tal"]
[WhiteTeamCountry "ENG"]
[BlackTeamCountry "ENG"]

1. e4 c6 2. d4 d6 3. Nc3 Nf6 4. Bg5 Nbd7 5. Nf3 e5 6. a4 h6 7. Bh4 Qa5 8. Qd2 b5 9. b4 Qxb4 10. Rb1 Qa5 11. axb5 c5 12. dxe5 dxe5 13. b6 axb6 14. Bxf6 gxf6 15. Bb5 Bg7 16. 0-0 0-0 17. Rfd1 Nb8 18. Nh4 Be6 19. Qe3 Rc8 20. Nd5 Kh7 21. Qf3 Nc6 22. c3 Na7 23. Bc4 Nc6 24. Nxf6+ Bxf6 25. Bxe6 Bxh4 26. Qxf7+ Kh8 27. Rd7 Ne7 28. Bf5 1-0

[Event "Crawley e2e4 Gatwick Whitsun op"]
[Site "Crawley"]
[Date "2016.05.29"]
[Round "4"]
[White "Healey, Michael W"]
[Black "Jones, Steven"]
[Result "1-0"]
[WhiteElo "2109"]
[BlackElo "2191"]
[PlyCount "89"]
[EventDate "2016.05.27"]
[EventType "swiss"]
[EventRounds "7"]
[EventCountry "ENG"]
[SourceTitle "CBM 172 Extra"]
[Source "ChessBase"]
[SourceDate "2016.06.21"]
[SourceVersion "1"]
[SourceVersionDate "2016.06.21"]
[SourceQuality "1"]

1. e4 c5 2. Nf3 Nc6 3. d4 cxd4 4. Nxd4 Nf6 5. Nc3 e5 6. Ndb5 d6 7. Bg5 a6 8. Na3 b5 9. Nd5 Be7 10. Bxf6 Bxf6 11. c4 b4 12. Nc2 0-0 13. g3 a5 14. h4 a4 15. Bg2 Be6 16. 0-0 b3 17. axb3 axb3 18. Rxa8 Qxa8 19. Nxf6+ gxf6 20. Ne3 Nd4 21. f4 Qa7 22. Kh2 Qc5 23. f5 Bxc4 24. Re1 Nc2 25. Ng4 Kh8 26. Nxf6 Rg8 27. Nxg8 Nxe1 28. Qxe1 Kxg8 29. Qd2 f6 30. Qh6 Qf2 31. Qxf6 Bf1 32. Qe6+ Kh8 33. Qe8+ Kg7 34. Qe7+ Kg8 35. Qd8+ Kf7 36. Qc7+ Kg8 37. Qb8+ Kf7 38. Qxb3+ Kg7 39. Qf3 Qxf3 40. Bxf3 Kf6 41. Kg1 Bd3 42. Kf2 d5 43. Ke3 Bb5 44. exd5 Kxf5 45. Be2 1-0

[Event "Crawley e2e4 Gatwick Whitsun op"]
[Site "Crawley"]
[Date "2016.05.29"]
[Round "5"]
[White "Kalaiyalahan, Akshaya"]
[Black "Healey, Michael W"]
[Result "0-1"]
[WhiteElo "2223"]
[BlackElo "2109"]
[PlyCount "98"]
[EventDate "2016.05.27"]
[EventType "swiss"]
[EventRounds "7"]
[EventCountry "ENG"]
[SourceTitle "CBM 172 Extra"]
[Source "ChessBase"]
[SourceDate "2016.06.21"]
[SourceVersion "1"]
[SourceVersionDate "2016.06.21"]
[SourceQuality "1"]

1. d4 Nf6 2. c4 e6 3. g3 d5 4. Bg2 Be7 5. Nf3 0-0 6. Qc2 dxc4 7. Qxc4 a6 8. Bf4 Nd5 9. Nc3 b5 10. Qd3 Nxf4 11. gxf4 Ra7 12. Qe3 Nd7 13. a4 b4 14. Ne4 Nb6 15. b3 Nd5 16. Qd2 c5 17. Nxc5 Bxc5 18. dxc5 Qf6 19. Qd4 Nxf4 20. Qxf6 Nxg2+ 21. Kf1 gxf6 22. Kxg2 Rc7 23. Rhc1 Bb7 24. a5 Bd5 25. Kf1 Rfc8 26. Nd2 Rxc5 27. Rxc5 Rxc5 28. e4 Bc6 29. Ra2 Bb5+ 30. Kg2 f5 31. exf5 Rxf5 32. Rc2 Rd5 33. Kf3 Rd3+ 34. Kg2 Rc3 35. Rb2 Kg7 36. f3 f5 37. Kf2 Kf6 38. f4 Bc6 39. Rb1 Bd5 40. Rb2 h5 41. Rb1 Rh3 42. Rc1 Rxh2+ 43. Ke3 Rh3+ 44. Kd4 Rc3 45. Rxc3 bxc3 46. Kxc3 h4 47. Nf1 e5 48. fxe5+ Kxe5 49. b4 Bg2 0-1

[Event "Crawley e2e4 Gatwick Whitsun op"]
[Site "Crawley"]
[Date "2016.05.28"]
[Round "2"]
[White "Healey, Michael W"]
[Black "Taylor, William J"]
[Result "1-0"]
[WhiteElo "2109"]
[BlackElo "1993"]
[PlyCount "53"]
[EventDate "2016.05.27"]
[EventType "swiss"]
[EventRounds "7"]
[EventCountry "ENG"]
[SourceTitle "CBM 172 Extra"]
[Source "ChessBase"]
[SourceDate "2016.06.21"]
[SourceVersion "1"]
[SourceVersionDate "2016.06.21"]
[SourceQuality "1"]

1. e4 e5 2. Nf3 Nc6 3. Bb5 a6 4. Ba4 Nf6 5. d3 b5 6. Bb3 Be7 7. g4 d6 8. g5 Nd7 9. Bd5 Bb7 10. h4 Nb6 11. c4 Nxd5 12. cxd5 Nb8 13. a4 c6 14. dxc6 Bxc6 15. axb5 axb5 16. Rxa8 Bxa8 17. Qb3 Bc6 18. Nc3 Qd7 19. Rg1 Na6 20. Be3 Nc5 21. Bxc5 Qh3 22. Rg3 Qh1+ 23. Ke2 dxc5 24. Rg1 Qh3 25. Nxe5 c4 26. dxc4 Bxe4 27. Qxb5+ 1-0